Seguridad ocupacional /

Kaydedildi:
Detaylı Bibliyografya
Yazar: Trujillo Mejía, Raúl Felipe (autor)
Materyal Türü: Kitap
Dil:İspanyolca
Baskı/Yayın Bilgisi: Bogotá, Colombia : Ecoe, 2004, c2004
Edisyon:3a edición
Seri Bilgileri:(Textos Universitarios Ecoe. Ingeniería)
Konular:
Etiketler: Etiketle
Etiket eklenmemiş, İlk siz ekleyin!

MARC

LEADER 00000nam^a2200000^a^4500
001 000174319
005 20250521000000.0
009 20260310101526.1
020 |a 958-648-355-X 
037 |a Acervo ITESO - Biblioteca 
041 |a ESP 
082 |a 658. 382  |b TRU 
100 |a Trujillo Mejía, Raúl Felipe  |e (autor) 
245 1 0 |a Seguridad ocupacional /  |c R.F. Trujillo Mejía. 
250 |a 3a edición 
264 4 |a Bogotá, Colombia :  |b Ecoe,  |c 2004, c2004 
300 |a XVIII, 299 p. 
336 |a texto  |b txt  |2 rdacontenido 
337 |a sin mediación  |b n  |2 rdamedio 
338 |a volumen  |b nc  |2 rdasoporte 
440 1 |a (Textos Universitarios Ecoe.  |p Ingeniería) 
649 |a XX 
650 |a Sustancias Peligrosas 
650 |a Riesgos y Accidentes Laborales -  |z Colombia 
650 |a Riesgos y Accidentes Laborales -  |x Estadísticas 
650 |a Riesgos y Accidentes Laborales -  |x Prevención 
650 |a Protección (Seguridad Industrial) 
650 |a Seguridad Industrial 
650 |a Recursos Humanos 
650 |a Medicina Laboral 
650 |a Ciencias Administrativas 
650 |a Ingeniería Industrial 
910 |a Fondo General 
920 |a Impresos - Libros 
930 |a Colección General 
905 |a 101 
901 |a 0500112096  |b IT1  |c ACC  |u 20250521 
902 |a https://opac.biblio.iteso.mx/vufind/Record/000174319